Célébrités version guignol par image - Statistiques

Statistiques générales
  • Ce quiz a été pris 191 fois
  • Le résultat moyen est 12 sur 16
Statistiques - réponses
Par images Réponse % Correct
Macron
98%
Trump
98%
Stromae
94%
Hollande
92%
Obama
92%
Sarkozy
92%
Poutine
91%
Jacques Chirac
86%
Hallyday
79%
Le pen
79%
Ibrahimovic
74%
Mitterrand
53%
Bachelot
48%
Bernadette Chirac
40%
Poivre d'arvor
36%
Papin
30%
Aucun quiz correspondant
Distribution des résultats
% des personnes avec chaque résultat
Percentile par nombre de réponses
Votre historique - résultats
Vous n’avez pas pris ce quiz